000 01157nam a22002657a 4500
003 BPGM
005 20260626202445.0
008 260626b1988 mx ||||| |||| 001 0 spa d
020 _a968-6140-29-8
040 _aBPGM
_bspa
041 _aspa
_hspa
100 _aCOQ, VERÁSTEGUI, CLAUDIO
245 _aCADEREYTA
_bALCALDIA MAYOR
260 _aQUERETARO;
_bDIRECCION DE PATRIMONIO CULTURAL, SECRETARTARÍA DE CULTURA Y BIENESTAR SOCIAL,
_c1988.
300 _a143 páginas
_c20.9 cm x 13.6 cm
336 _2rdacontent
_atexto
_btxt
337 _2rdamedia
_asin mediación
_bn
338 _2rdacarrier
_avolumen
_bnc
490 0 _aCOLECCION DOCUMENTOS
_v8
505 _aEL LIBRO "CADEREYTA. ALCALDÍA MAYOR", COORDINADO POR EL HISTORIADOR Y CRONISTA CLAUDIO VERÁSTEGUI (Y COAUTORES), ES UNA OBRA HISTORIOGRÁFICA FUNDAMENTAL QUE RECONSTRUYE EL PASADO COLONIAL, POLÍTICO, SOCIAL Y GEOGRÁFICO DE UNA DE LAS REGIONES MÁS IMPORTANTES DE LA SIERRA GORDA Y EL SEMIDESIERTO QUERETANO.
650 _aGEOGRAFIA E HISTORIA
650 _aHISTORIA GENERAL DE AMERICA DEL NORTE
650 _aMESOAMERICA ( AMERICA MEDIA ) MEXICO
942 _2ddc
_cCOLQ
999 _c68676
_d68676